| 000 | 00354nam a2200145Ia 4500 | ||
|---|---|---|---|
| 008 | 230312s9999||||xx |||||||||||||| ||und|| | ||
| 020 | _a0-619-21562-3 | ||
| 082 |
_a005.432 _bPAL-G |
||
| 100 | _aPalmer;Michael | ||
| 245 | 0 | _aGuide to UNIX Using Linux | |
| 260 |
_bThomson _aCanada _c2005 |
||
| 300 | _a641 | ||
| 650 |
_aComputer _vComputer |
||
| 942 | _cBK | ||
| 999 |
_c15598 _d15598 |
||